000 00531cam a2200145 4500500
005 20251012012042.0
041 _afre
042 _adc
100 1 0 _aBotz, Agnès
_eauthor
245 0 0 _aKwame Anthony Appiah : “L’antiracisme, ce n’est pas faire comme si les races n’existaient pas”
260 _c2020.
500 _a25
786 0 _nPhilosophie magazine | 141 | 8 | 2020-08-01 | p. 14-18 | 1951-1787
856 4 1 _uhttps://shs.cairn.info/magazine-philosophie-magazine-2020-8-page-14?lang=fr&redirect-ssocas=7080
999 _c1525259
_d1525259